| 000 | 01350nam a2200337 a 4500 | ||
|---|---|---|---|
| 999 |
_c3968 _d3968 |
||
| 003 | ALUPE UNIVERSITY COLLEGE | ||
| 005 | 20220223080505.0 | ||
| 008 | 910114s1990 sz b i000 0 eng d | ||
| 020 | _a9241571136 | ||
| 040 | _cALUPE UNIVERSITY COLLEGE | ||
| 041 | 0 | _bfrespa | |
| 050 |
_aQD305 _b.H35 1990 |
||
| 090 |
_aRA565.A1 _bE63 no.113 |
||
| 092 | _aD0400711278 | ||
| 096 | _aWA240 E61 no.113 1990 | ||
| 245 | 0 | 0 |
_aFully halogenated chlorofluorocarbons / _cpublished under the joint sponsorship of the United Nations Environment Programme, the International Labour Organisation, and the World Health Organization |
| 260 |
_aGeneva : _bWorld Health Organization, _cc1990. |
||
| 300 |
_a164 p. ; _c21 cm |
||
| 500 | _aAt head of cover: IPCS, International Programme on Chemical Safety | ||
| 500 | _aIn English with summary in French and Spanish | ||
| 504 | _aIncludes bibliographical references (p. 106-128) | ||
| 650 | 0 |
_aChlorofluorocarbons _xEnvironmental aspects. |
|
| 650 | 0 |
_aChlorofluorocarbons _xToxicology. |
|
| 710 | 2 | _aUnited Nations Environment Programme. | |
| 710 | 2 | _aInternational Labour Organisation. | |
| 710 | 2 | _aWorld Health Organization. | |
| 710 | 2 | _aInternational Program on Chemical Safety. | |
| 830 | 0 |
_x0250-863X ; _v113. |
|
| 942 |
_2lcc _cBK |
||